000 00442nam a2200145 a 4500
001 000030097
005 20240305102301.0
008 110429s1955 dr 000 0 spa d
040 _aDO-SdBNP
_bspa
_cBNPHU
100 1 _aCoiscou Henríquez, Máximo,
_d1876-1973
_931075
245 1 0 _aPlacer de la justicia /
_cMáximo Coiscou Henríquez.
260 _aCiudad Trujillo :
_bEditora Mont Alvo,
_c1955.
300 _a12 p. ;
_c27 cm.
049 _aBNPD
999 _c29589
_d29589